| 000 | 01281nam a2200325 a 4500 | ||
|---|---|---|---|
| 001 | 000005569 | ||
| 005 | 20200929151721.0 | ||
| 008 | 090820s2004 sp a 001 0 spa d | ||
| 020 | _a8400082982 | ||
| 040 |
_aDO-SdBNP _bspa _cBNPHU |
||
| 082 |
_a306.3627291 _bR937 |
||
| 245 | 0 | 3 |
_aEl rumor de Haití en Cuba : _btemor, raza y rebeldía, 1789-1844 / _cM. Dolores González Ripoll... [et al.]. |
| 260 |
_aMadrid : _bConsejo Superior de Investigaciones Científicas, _c2004. |
||
| 300 |
_a59 p. : _bil ; _c24 cm. |
||
| 490 | 1 |
_aTierra nueva e cielo nuevo ; _vno. 50 |
|
| 500 | _aIncluye bibliografía ([417] - 444). | ||
| 500 | _aIncluye índice. | ||
| 504 | _aIncluye referencias bibliográficas y notas al pie de las páginas. | ||
| 650 | 4 |
_aEsclavitud _zCuba _xHistoria _xInfluencias extranjeras _915736 |
|
| 651 | 4 |
_aHaití _xHistoria _xRevolución, _y1791-1804 _915737 |
|
| 650 | 4 |
_aEsclavitud _zCuba _xCondicones económicas _915738 |
|
| 650 | 4 |
_aEsclavitud _zCuba _xCondicones sociales _915739 |
|
| 700 | 1 |
_aNaranjo, Consuelo _915740 |
|
| 700 | 1 |
_aFerrer, Ada _915741 |
|
| 700 | 1 |
_aGarcía, Gloria _915742 |
|
| 700 | 1 |
_aOpatrný, Josef _915743 |
|
| 710 | 1 |
_aMinisterio de Eduación y Ciencia _915744 |
|
| 830 | 0 |
_aTierra nueva e cielo nuevo ; _vno. 50 _915388 |
|
| 049 | _aBNPD | ||
| 999 |
_c5368 _d5368 |
||